| 000 | 00624nam a2200229 a 4500 | ||
|---|---|---|---|
| 005 | 20210219153153.0 | ||
| 008 | 991125n 000 0 eng u | ||
| 035 | _aUPN01000081668 | ||
| 100 | 1 | _aAnyon, Jean | |
| 222 | _aHARVARD EDUCATIONAL REVIEW | ||
| 245 | _aIdeology and United States history textbooks | ||
| 260 | _aMassachusetts, EUA | ||
| 300 | _a361-386 | ||
| 362 | 0 | _a1979 Vol.49, no. 3, aug. | |
| 653 | 0 | _aEDUCACION SECUNDARIA | |
| 653 | 0 | _aESTADOS UNIDOS DE AMERICA | |
| 653 | 0 | _aIDEOLOGIA | |
| 653 | 0 | _aLIBROS DE TEXTO | |
| 653 | 0 | _aPOLITICA EDUCATIVA | |
| 904 |
_aAC _b019479 |
||
| 905 | _aArticulo | ||
| 999 |
_c70082 _d70082 |
||